[Event "ENCI Limburg-open C"]
[Site "Maastricht"]
[Date "2010.05.22"]
[Round "3"]
[White "Bex, Lennert"]
[Black "Dubbeldam, Mathijs"]
[Result "1-0"]
[WhiteElo "1235"]
[BlackElo "1002"]
[PlyCount "67"]
[EventDate "2010.05.21"]
[EventType "swiss"]
[EventRounds "7"]
[EventCountry "NED"]
[Source "P.Boonen"]
[SourceDate "2010.10.01"]

1. d4 e6 2. Nf3 b6 3. Bf4 Bb7 4. e3 Na6 5. a3 Nf6 6. c4 Rb8 7. Nc3 Ne4 8. Nxe4
Bxe4 9. c5 Bb7 10. cxb6 axb6 11. Rc1 Rc8 12. Bd3 c5 13. O-O Be7 14. Qe2 Nc7 15.
dxc5 bxc5 16. Rc2 Nd5 17. Bg3 O-O 18. Rfc1 f5 19. Rc4 Bg5 20. Nxg5 Qxg5 21.
Rxc5 Rce8 22. Bd6 Nc3 23. Qf1 Ne4 24. Bxe4 Bxe4 25. Bxf8 Rxf8 26. R1c3 Rf6 27.
f3 Bc6 28. e4 h5 29. exf5 exf5 30. f4 Qg6 31. Rg3 Qh6 32. b4 h4 33. Rg5 h3 34.
gxh3 1-0

[Event "ENCI Limburg-open C"]
[Site "Maastricht"]
[Date "2010.05.22"]
[Round "3"]
[White "De Bruin, Joost"]
[Black "De Ridder, Gertie"]
[Result "1-0"]
[WhiteElo "1314"]
[BlackElo "1248"]
[PlyCount "36"]
[EventDate "2010.05.21"]
[EventType "swiss"]
[EventRounds "7"]
[EventCountry "NED"]
[Source "P.Boonen"]
[SourceDate "2010.10.01"]

1. e4 e5 2. Nf3 Nc6 3. Bc4 Nf6 4. Ng5 d5 5. exd5 Nxd5 6. Nxf7 Kxf7 7. Qf3+ Ke6
8. Nc3 Nce7 9. O-O g6 10. d4 Bg7 11. Bg5 Kd6 12. Bxe7+ Kxe7 13. Nxd5+ Ke8 14.
dxe5 Bxe5 15. Rfe1 Qd6 16. Qf4 Rf8 17. Rxe5+ Be6 18. Rxe6+ Kd7 1-0

[Event "ENCI Limburg-open C"]
[Site "Maastricht"]
[Date "2010.05.22"]
[Round "3"]
[White "Demarre, Thomas"]
[Black "Snoeks, Marnicq"]
[Result "1/2-1/2"]
[WhiteElo "1332"]
[BlackElo "1286"]
[PlyCount "110"]
[EventDate "2010.05.21"]
[EventType "swiss"]
[EventRounds "7"]
[EventCountry "NED"]
[Source "P.Boonen"]
[SourceDate "2010.10.01"]

1. e4 e5 2. Nf3 Nc6 3. Bb5 d6 4. O-O g6 5. c3 Bg7 6. d4 Bd7 7. Bg5 Nge7 8. Na3
O-O 9. Nc2 f6 10. Be3 exd4 11. cxd4 a6 12. Ba4 b5 13. Bb3+ Kh8 14. Nd2 Na5 15.
Qe2 Nb7 16. Rad1 Qc8 17. f4 Bg4 18. Nf3 c5 19. dxc5 dxc5 20. Nce1 c4 21. Bc2
Nc5 22. Rc1 Qb7 23. Bxc5 Rac8 24. Bxe7 Qxe7 25. h3 Bd7 26. Nd4 f5 27. Nef3 fxe4
28. Qxe4 Qc5 29. Kh1 Rce8 30. Qb7 Bc8 31. Qc6 Bxd4 32. Qxc5 Bxc5 33. Ne5 Bd6
34. Bxg6 Re6 35. Nf7+ Kg7 36. Nxd6 hxg6 37. Nxc8 Rxc8 38. Rf2 a5 39. f5 Rf6 40.
g4 gxf5 41. Rxf5 Rxf5 42. gxf5 Kf6 43. Rd1 Rc5 44. Rf1 c3 45. bxc3 Rxc3 46. Rf2
Rxh3+ 47. Kg2 Rh5 48. Kf1 Rxf5 49. Rxf5+ Kxf5 50. Ke2 Ke4 51. Kd2 Kd4 52. Kc2
Kc4 53. a3 Kd4 54. Kb3 Kc5 55. Kc3 Kd5 1/2-1/2

[Event "ENCI Limburg-open C"]
[Site "Maastricht"]
[Date "2010.05.22"]
[Round "3"]
[White "Elisen, Peter"]
[Black "Vincent, Gwijde"]
[Result "0-1"]
[WhiteElo "1589"]
[BlackElo "1701"]
[PlyCount "68"]
[EventDate "2010.05.21"]
[EventType "swiss"]
[EventRounds "7"]
[EventCountry "NED"]
[Source "P.Boonen"]
[SourceDate "2010.10.01"]

1. c4 e5 2. Nc3 Nf6 3. g3 c6 4. Bg2 d5 5. cxd5 cxd5 6. d4 exd4 7. Qxd4 Be6 8.
Nf3 Bd6 9. O-O O-O 10. Bg5 Nbd7 11. Rad1 Bc5 12. Bxf6 Qxf6 13. Qxf6 Nxf6 14.
Nd4 Rad8 15. a3 a6 16. e3 Rc8 17. Nce2 Rfd8 18. Nf4 Bd7 19. Nb3 Ba4 20. Rd3 Bb5
21. Nxc5 Rxc5 22. Rfd1 Bxd3 23. Nxd3 Rc2 24. b4 Ne4 25. Kf1 Rd2 26. Ke1 Rxd1+
27. Kxd1 Rc8 28. Bxe4 dxe4 29. Nc5 f5 30. Nxb7 Rc3 31. a4 Rb3 32. b5 axb5 33.
axb5 Rxb5 34. Nd6 Rd5+ 0-1

[Event "ENCI Limburg-open C"]
[Site "Maastricht"]
[Date "2010.05.22"]
[Round "3"]
[White "Fortenbacher, Florian"]
[Black "Chappin, Rene"]
[Result "1/2-1/2"]
[WhiteElo "1431"]
[BlackElo "1622"]
[PlyCount "47"]
[EventDate "2010.05.21"]
[EventType "swiss"]
[EventRounds "7"]
[EventCountry "NED"]
[Source "P.Boonen"]
[SourceDate "2010.10.01"]

1. e4 c5 2. Nf3 Nc6 3. d4 cxd4 4. Nxd4 Nf6 5. Nc3 d6 6. Be3 g6 7. f3 Bg7 8. Qd2
O-O 9. h4 a6 10. g4 h5 11. g5 Ne8 12. f4 Bg4 13. Bh3 Bxh3 14. Rxh3 Nxd4 15.
Bxd4 e5 16. Bf2 exf4 17. Qxf4 Be5 18. Qd2 Qd7 19. Rd3 Qg4 20. Qe2 Qxe2+ 21.
Kxe2 Ng7 22. Bd4 Rfd8 23. Rad1 Ne6 24. Bxe5 1/2-1/2

[Event "ENCI Limburg-open C"]
[Site "Maastricht"]
[Date "2010.05.22"]
[Round "3"]
[White "Geene, Joris"]
[Black "Coenjaerts, Rene"]
[Result "1/2-1/2"]
[WhiteElo "1600"]
[BlackElo "1717"]
[PlyCount "42"]
[EventDate "2010.05.21"]
[EventType "swiss"]
[EventRounds "7"]
[EventCountry "NED"]
[Source "P.Boonen"]
[SourceDate "2010.10.01"]

1. e4 e5 2. Nf3 Nf6 3. Nc3 Bb4 4. Bc4 Nc6 5. d3 d5 6. exd5 Nxd5 7. Bd2 Be6 8.
Nxd5 Bxd2+ 9. Qxd2 Bxd5 10. Bxd5 Qxd5 11. O-O O-O 12. Nh4 e4 13. f4 Rad8 14.
Rfd1 Qd4+ 15. Kh1 e3 16. Qe2 Qxf4 17. g3 Qe5 18. c3 Rfe8 19. d4 Qd5+ 20. Kg1 b5
21. Ng2 a6 1/2-1/2

[Event "ENCI Limburg-open C"]
[Site "Maastricht"]
[Date "2010.05.22"]
[Round "3"]
[White "Geene, Patrick"]
[Black "Laarhoven, Marcel"]
[Result "0-1"]
[WhiteElo "1548"]
[BlackElo "1716"]
[PlyCount "102"]
[EventDate "2010.05.21"]
[EventType "swiss"]
[EventRounds "7"]
[EventCountry "NED"]
[Source "P.Boonen"]
[SourceDate "2010.10.01"]

1. e4 d5 2. exd5 Qxd5 3. Nc3 Qd6 4. Bc4 c6 5. d3 Nf6 6. Nge2 e5 7. h3 Be6 8.
Bb3 Nbd7 9. Be3 Nd5 10. Ne4 Qc7 11. Bd2 Be7 12. N2c3 h6 13. Qe2 Nb4 14. Qd1
Bxb3 15. axb3 O-O 16. O-O f5 17. Ng3 Qd6 18. Na2 Nxa2 19. Rxa2 Qg6 20. Qe1 h5
21. Bc3 h4 22. Ne2 f4 23. f3 Rf5 24. Kh1 a6 25. b4 Re8 26. Bd2 Rg5 27. Rg1 Nf6
28. c3 Nh5 29. d4 Qf5 30. dxe5 Bd8 31. Nd4 Qxe5 32. Qxe5 Rgxe5 33. Raa1 Bb6 34.
Rge1 Bxd4 35. cxd4 Rxe1+ 36. Rxe1 Rxe1+ 37. Bxe1 g5 38. Kg1 Kf7 39. Kf2 Ke6 40.
Ke2 Kd5 41. Kd3 Ng7 42. Bc3 Nf5 43. Ke2 Ne3 44. Kf2 Kc4 45. d5 cxd5 46. Bf6 d4
47. Bxg5 d3 48. Bxf4 d2 49. Bxe3 d1=Q 50. f4 Kd3 51. Bc5 Qd2+ 0-1

[Event "ENCI Limburg-open C"]
[Site "Maastricht"]
[Date "2010.05.22"]
[Round "3"]
[White "Godding, Mick"]
[Black "Braam, Marco"]
[Result "0-1"]
[WhiteElo "1516"]
[BlackElo "1675"]
[PlyCount "54"]
[EventDate "2010.05.21"]
[EventType "swiss"]
[EventRounds "7"]
[EventCountry "NED"]
[Source "P.Boonen"]
[SourceDate "2010.10.01"]

1. e4 d5 2. exd5 Qxd5 3. Nc3 Qd6 4. Nf3 Bg4 5. h3 Bh5 6. d4 c6 7. Bc4 e6 8. Be3
Nf6 9. Qd2 Qc7 10. a3 Bd6 11. O-O-O Nbd7 12. g4 Bg6 13. Nh4 b5 14. Nxg6 hxg6
15. Be2 b4 16. axb4 Bxb4 17. Qd3 Ke7 18. Ne4 Qa5 19. c3 Nxe4 20. Qxe4 Bd6 21.
Qxc6 Rhc8 22. Qe4 Rab8 23. Bd2 Nf6 24. Qf3 Qa1+ 25. Kc2 Rxb2+ 26. Kd3 Qa6+ 27.
Ke3 Qb6 0-1

[Event "ENCI Limburg-open C"]
[Site "Maastricht"]
[Date "2010.05.22"]
[Round "3"]
[White "Gundogmus, Alaettin"]
[Black "De Coninck, Erik"]
[Result "1-0"]
[WhiteElo "1558"]
[BlackElo "1149"]
[PlyCount "71"]
[EventDate "2010.05.21"]
[EventType "swiss"]
[EventRounds "7"]
[EventCountry "NED"]
[Source "P.Boonen"]
[SourceDate "2010.10.01"]

1. d4 Nf6 2. c4 g6 3. Nc3 Bg7 4. Bg5 O-O 5. Nf3 Nc6 6. e3 d6 7. Be2 e5 8. d5
Nb4 9. a3 Na6 10. Ne4 Bf5 11. Bxf6 Bxf6 12. Nxf6+ Qxf6 13. Nd2 c6 14. e4 Bd7
15. O-O Nc7 16. b4 b5 17. f3 a5 18. Qc2 Qg5 19. Rfd1 axb4 20. axb4 Rxa1 21.
Rxa1 Ra8 22. Rxa8+ Nxa8 23. Kf2 Qh4+ 24. Kg1 Qe1+ 25. Bf1 Nb6 26. c5 dxc5 27.
bxc5 Na4 28. Nb3 cxd5 29. c6 Bc8 30. exd5 Bf5 31. Qf2 Qxf2+ 32. Kxf2 Kf8 33.
Bxb5 Nb6 34. d6 Ke8 35. c7+ Nd7 36. c8=Q# 1-0

[Event "ENCI Limburg-open C"]
[Site "Maastricht"]
[Date "2010.05.22"]
[Round "3"]
[White "Heinemans, Nol"]
[Black "Daemen, Jules"]
[Result "1-0"]
[WhiteElo "1680"]
[BlackElo "1634"]
[PlyCount "83"]
[EventDate "2010.05.21"]
[EventType "swiss"]
[EventRounds "7"]
[EventCountry "NED"]
[Source "P.Boonen"]
[SourceDate "2010.10.01"]

1. d4 Nf6 2. c4 e5 3. dxe5 Ng4 4. Nf3 Nc6 5. e3 Ngxe5 6. Be2 g6 7. Bd2 Bg7 8.
Bc3 O-O 9. O-O d6 10. Nxe5 Nxe5 11. Nd2 b6 12. Rc1 Bb7 13. f4 Nd7 14. Bxg7 Kxg7
15. Bf3 Bxf3 16. Rxf3 Qe7 17. Qc2 f5 18. Re1 Rae8 19. h3 Qh4 20. Re2 Nc5 21.
Kh2 Ne4 22. Nxe4 Rxe4 23. Qa4 a5 24. Qc2 Rfe8 25. b3 Kf7 26. Qd3 Qf6 27. Qd5+
Kg7 28. Qd2 h6 29. g3 g5 30. fxg5 hxg5 31. Ref2 Kg6 32. Qd3 Qe5 33. Kg2 g4 34.
hxg4 fxg4 35. Rf4 Kg5 36. a3 c6 37. Qd1 Qe6 38. Qh1 Kg6 39. Qh4 Rxf4 40. Rxf4
d5 41. Rxg4+ Kf7 42. Qh7+ 1-0

[Event "ENCI Limburg-open C"]
[Site "Maastricht"]
[Date "2010.05.22"]
[Round "3"]
[White "Heuts, Guido"]
[Black "Bok, Gidius"]
[Result "0-1"]
[WhiteElo "1450"]
[BlackElo "1682"]
[PlyCount "92"]
[EventDate "2010.05.21"]
[EventType "swiss"]
[EventRounds "7"]
[EventCountry "NED"]
[Source "P.Boonen"]
[SourceDate "2010.10.01"]

1. d4 d5 2. c4 e6 3. Nf3 c5 4. e3 Nc6 5. Nc3 Nf6 6. Be2 a6 7. a3 Bd6 8. O-O O-O
9. dxc5 Bxc5 10. b4 Ba7 11. Bb2 dxc4 12. Bxc4 b5 13. Bb3 Bb7 14. Bc2 Qxd1 15.
Raxd1 Rad8 16. Ne4 Nxe4 17. Bxe4 f5 18. Bc2 Ne7 19. Ng5 Rxd1 20. Rxd1 Bd5 21.
Nh3 Ng6 22. Nf4 Nxf4 23. exf4 Rc8 24. Bb1 Be4 25. g3 Bxb1 26. Rxb1 Rc2 27. Be5
Rxf2 28. Kh1 Rd2 29. Rc1 Bd4 30. Rc8+ Kf7 31. Rc7+ Kf8 32. Bd6+ Kg8 33. Rc8+
Kf7 34. Rc7+ Kg6 35. Rc6 Rd1+ 36. Kg2 Rd2+ 37. Kh1 Rd3 38. Rxa6 Bb2 39. Bc5
Bxa3 40. Rxe6+ Kh5 41. Rb6 Kg4 42. Rxb5 Kf3 43. Bg1 g6 44. Rb7 Rd1 45. Rb6 Bb2
46. Rc6 Bd4 0-1

[Event "ENCI Limburg-open C"]
[Site "Maastricht"]
[Date "2010.05.22"]
[Round "3"]
[White "Hinzen, Jack"]
[Black "Boer, Jan"]
[Result "1/2-1/2"]
[WhiteElo "1489"]
[BlackElo "1689"]
[PlyCount "49"]
[EventDate "2010.05.21"]
[EventType "swiss"]
[EventRounds "7"]
[EventCountry "NED"]
[Source "P.Boonen"]
[SourceDate "2010.10.01"]

1. e4 c5 2. Bc4 e6 3. a3 Nc6 4. Nc3 Nf6 5. d3 Be7 6. Nge2 d5 7. exd5 exd5 8.
Ba2 O-O 9. O-O Bf5 10. Ng3 Bg6 11. f4 h6 12. Bd2 c4 13. f5 Bh7 14. dxc4 dxc4
15. Kh1 Qb6 16. Qc1 Ng4 17. Nge4 Nd4 18. h3 Ne5 19. f6 gxf6 20. Bxh6 Rfd8 21.
Be3 Qc6 22. Ng3 Nxc2 23. Bb1 Nxa1 24. Bxh7+ Kxh7 25. Qxa1 {.....} 1/2-1/2

[Event "ENCI Limburg-open C"]
[Site "Maastricht"]
[Date "2010.05.22"]
[Round "3"]
[White "Hoek, Tjerk"]
[Black "De Lange, Gerard"]
[Result "0-1"]
[WhiteElo "1205"]
[BlackElo "1599"]
[PlyCount "64"]
[EventDate "2010.05.21"]
[EventType "swiss"]
[EventRounds "7"]
[EventCountry "NED"]
[Source "P.Boonen"]
[SourceDate "2010.10.01"]

1. d4 d5 2. e3 Bf5 3. c4 e6 4. Nc3 Nf6 5. b3 Bb4 6. Bd2 c6 7. Nf3 Nbd7 8. Be2
Qe7 9. Nh4 Bg6 10. Nf3 e5 11. dxe5 Nxe5 12. cxd5 Rd8 13. Nxe5 Qxe5 14. Qc1 Nxd5
15. Na4 Bxd2+ 16. Kxd2 Nb4+ 17. Ke1 Qxa1 18. Qxa1 Nc2+ 19. Kf1 Nxa1 20. f3 Nc2
21. Kf2 O-O 22. a3 Rfe8 23. e4 Nd4 24. b4 b6 25. Nc3 Nxe2 26. Kxe2 f5 27. Ke3
fxe4 28. fxe4 Re6 29. Rf1 Red6 30. Ke2 Rd3 31. Rc1 R3d4 32. Ke3 Rc4 0-1

[Event "ENCI Limburg-open C"]
[Site "Maastricht"]
[Date "2010.05.22"]
[Round "3"]
[White "Huebben, Dominik"]
[Black "Van der Wouw, Paul"]
[Result "1-0"]
[WhiteElo "1746"]
[BlackElo "1606"]
[PlyCount "23"]
[EventDate "2010.05.21"]
[EventType "swiss"]
[EventRounds "7"]
[EventCountry "NED"]
[Source "P.Boonen"]
[SourceDate "2010.10.01"]

1. e4 Nf6 2. Nc3 e5 3. Bc4 Nxe4 4. Qh5 Nd6 5. Bb3 Nc6 6. Nb5 g6 7. Qf3 Nf5 8.
g4 Nh6 9. d3 Nd4 10. Nxd4 exd4 11. Bxh6 Qe7+ 12. Kf1 1-0

[Event "ENCI Limburg-open C"]
[Site "Maastricht"]
[Date "2010.05.22"]
[Round "3"]
[White "Katoen, Tom"]
[Black "Mathee, Jochen"]
[Result "0-1"]
[WhiteElo "1235"]
[BlackElo "1611"]
[PlyCount "106"]
[EventDate "2010.05.21"]
[EventType "swiss"]
[EventRounds "7"]
[EventCountry "NED"]
[Source "P.Boonen"]
[SourceDate "2010.10.01"]

1. c4 f5 2. Nc3 Nf6 3. Nf3 g6 4. g3 Bg7 5. Bg2 O-O 6. O-O d6 7. d3 e5 8. Ng5 h6
9. Nf3 c6 10. Bd2 Be6 11. Qb3 Qc7 12. Rab1 Nbd7 13. Qa4 Nc5 14. Qc2 Bf7 15. b4
Ne6 16. a4 d5 17. a5 e4 18. Nh4 Nd4 19. Qc1 g5 20. Bxg5 hxg5 21. Qxg5 Nh7 22.
Qd2 Qe5 23. e3 Nf3+ 24. Bxf3 exf3 25. d4 Qf6 26. Nxf3 dxc4 27. Ne5 Be6 28. Qe2
Qg5 29. f4 Qh6 30. Rfd1 Nf6 31. b5 Nd5 32. Nxd5 cxd5 33. Rdc1 Bxe5 34. dxe5 Bf7
35. Qc2 Bh5 36. Kg2 Bg4 37. Qf2 Qh3+ 38. Kg1 Qh5 39. Re1 Bf3 40. b6 a6 41. Rb2
Be4 42. Rd2 Rac8 43. Rc1 Rc5 44. Rb2 Qe8 45. Qe2 Rb5 46. Rxb5 Qxb5 47. Ra1 Qc5
48. Kf2 c3 49. Rc1 c2 50. g4 d4 51. exd4 Qxd4+ 52. Ke1 Rd8 53. gxf5 Qg1+ 0-1

[Event "ENCI Limburg-open C"]
[Site "Maastricht"]
[Date "2010.05.22"]
[Round "3"]
[White "Keetman, Sandra"]
[Black "Dubbeldam, Lydia"]
[Result "1-0"]
[WhiteElo "1295"]
[BlackElo "1107"]
[PlyCount "33"]
[EventDate "2010.05.21"]
[EventType "swiss"]
[EventRounds "7"]
[EventCountry "NED"]
[Source "P.Boonen"]
[SourceDate "2010.10.01"]

1. e4 e5 2. Nf3 f5 3. d3 fxe4 4. dxe4 d6 5. Bc4 Bg4 6. Qd5 Qd7 7. Ng5 Nh6 8.
Qxb7 Qc6 9. Bb5 Qxb5 10. Qxb5+ Nd7 11. Qb7 Rb8 12. Qxc7 a6 13. b3 Be7 14. Nc3
Bd8 15. Qxd6 Be7 16. Qxa6 Bb4 17. Bd2 1-0

[Event "ENCI Limburg-open C"]
[Site "Maastricht"]
[Date "2010.05.22"]
[Round "3"]
[White "Kunowski, Marco"]
[Black "Snoeks, Pieter Jan"]
[Result "0-1"]
[WhiteElo "1290"]
[BlackElo "1388"]
[PlyCount "74"]
[EventDate "2010.05.21"]
[EventType "swiss"]
[EventRounds "7"]
[EventCountry "NED"]
[Source "P.Boonen"]
[SourceDate "2010.10.01"]

1. d4 Nf6 2. e3 e6 3. a3 d5 4. Nf3 Bd7 5. Be2 c5 6. c3 Nc6 7. Nbd2 Be7 8. O-O
O-O 9. c4 cxd4 10. Nxd4 Nxd4 11. exd4 Qb6 12. Nf3 dxc4 13. Bxc4 Rac8 14. Ne5
Bd6 15. Be2 Bb5 16. Be3 Nd5 17. a4 Bxe2 18. Qxe2 Nxe3 19. Qxe3 Bxe5 20. dxe5
Qxe3 21. fxe3 Rc5 22. Rfc1 Rfc8 23. Rxc5 Rxc5 24. Rd1 g6 25. Rd7 Rc1+ 26. Kf2
Rc2+ 27. Kf3 Rxb2 28. g4 a6 29. h4 b5 30. axb5 axb5 31. Kf4 Kg7 32. Rb7 b4 33.
g5 b3 34. Ke4 Rb1 35. Kf4 b2 36. Kg4 Rg1+ 37. Kf4 b1=Q 0-1

[Event "ENCI Limburg-open C"]
[Site "Maastricht"]
[Date "2010.05.22"]
[Round "3"]
[White "Lemmens, Paul"]
[Black "Demarre, Mathias"]
[Result "0-1"]
[WhiteElo "1322"]
[BlackElo "1119"]
[PlyCount "80"]
[EventDate "2010.05.21"]
[EventType "swiss"]
[EventRounds "7"]
[EventCountry "NED"]
[Source "P.Boonen"]
[SourceDate "2010.10.01"]

1. e4 e5 2. Nf3 Nc6 3. Bc4 Bc5 4. d3 d6 5. Nc3 Bg4 6. Bg5 f6 7. Bh4 Nd4 8. Rg1
Ne7 9. h3 Bh5 10. g4 Bg6 11. Nd5 c6 12. Nxe7 Kxe7 13. g5 d5 14. Nxd4 Bxd4 15.
Qf3 Rf8 16. O-O-O fxg5 17. Bxg5+ Ke6 18. Qg4+ Kd6 19. Bxd8 dxc4 20. Ba5 Rxf2
21. c3 Be3+ 22. Kb1 Rf4 23. Qg3 Bf2 24. Qg2 cxd3 25. Rxd3+ Kc5 26. Rf1 Bxe4 27.
Qxe4 Rxe4 28. Rxf2 Re1+ 29. Kc2 e4 30. b4+ Kb5 31. Rf5+ Ka4 32. Rd7 b6 33. Kb2
e3 34. Rd4 b5 35. Kc2 Re8 36. Rff4 e2 37. Rfe4 Rf8 38. Rf4 Rf1 39. Rxf8 e1=Q
40. Ra8 Rf2+ 0-1

[Event "ENCI Limburg-open C"]
[Site "Maastricht"]
[Date "2010.05.22"]
[Round "3"]
[White "Maessen, Roy"]
[Black "Keetman, Stef"]
[Result "1/2-1/2"]
[WhiteElo "1703"]
[BlackElo "1431"]
[PlyCount "43"]
[EventDate "2010.05.21"]
[EventType "swiss"]
[EventRounds "7"]
[EventCountry "NED"]
[Source "P.Boonen"]
[SourceDate "2010.10.01"]

1. d4 Nf6 2. Nf3 g6 3. e3 Bg7 4. Be2 O-O 5. c4 b6 6. b3 Bb7 7. O-O c5 8. Nc3
cxd4 9. exd4 d5 10. Bb2 e6 11. Rc1 Nc6 12. cxd5 Nxd5 13. Nxd5 Qxd5 14. Bc4 Qd6
15. Qd2 Rfd8 16. Rfd1 Rd7 17. Bb5 a6 18. Bxc6 Bxc6 19. Qc3 Bb7 20. Qe3 Rad8 21.
h3 Qf8 22. Rc2 1/2-1/2

[Event "ENCI Limburg-open C"]
[Site "Maastricht"]
[Date "2010.05.22"]
[Round "3"]
[White "Mueller, Elias"]
[Black "Senders, Mischa"]
[Result "0-1"]
[WhiteElo "1229"]
[BlackElo "1613"]
[PlyCount "60"]
[EventDate "2010.05.21"]
[EventType "swiss"]
[EventRounds "7"]
[EventCountry "NED"]
[Source "P.Boonen"]
[SourceDate "2010.10.01"]

1. d4 Nf6 2. c4 g6 3. Nc3 Bg7 4. Bf4 O-O 5. e3 d6 6. Bd3 Nh5 7. Bg3 e5 8. Nf3
Nc6 9. d5 Ne7 10. O-O f5 11. e4 Qe8 12. Nb5 Qd8 13. Bh4 a6 14. Nc3 Nf4 15. b4
h6 16. Bxe7 Qxe7 17. Ne2 g5 18. Nxf4 exf4 19. exf5 Bxa1 20. Qxa1 Bxf5 21. Re1
Qd7 22. Bxf5 Rxf5 23. Re6 Qg7 24. Qb1 Rf6 25. Re2 Qg6 26. Qa1 Kf7 27. Qe1 Kf8
28. Qa1 Re8 29. Rxe8+ Kxe8 30. Qe1+ Kd7 0-1

[Event "ENCI Limburg-open C"]
[Site "Maastricht"]
[Date "2010.05.22"]
[Round "3"]
[White "Parren, Ashley"]
[Black "Chotoe, Henry"]
[Result "0-1"]
[WhiteElo "1250"]
[BlackElo "1298"]
[PlyCount "106"]
[EventDate "2010.05.21"]
[EventType "swiss"]
[EventRounds "7"]
[EventCountry "NED"]
[Source "P.Boonen"]
[SourceDate "2010.10.01"]

1. d4 d6 2. e4 Nf6 3. Nc3 Nbd7 4. Nf3 e5 5. d5 Be7 6. Bc4 O-O 7. O-O c6 8. dxc6
bxc6 9. Be3 Qc7 10. b3 Bb7 11. Rc1 a6 12. b4 Rab8 13. a3 c5 14. Nd5 Nxd5 15.
Bxd5 cxb4 16. axb4 Bxd5 17. Qxd5 Rxb4 18. Bd2 Rb5 19. Qa2 Ra8 20. c4 Rb7 21.
Rc3 Nc5 22. Re1 Qc6 23. Rce3 Rab8 24. Qa5 Nb3 25. Qc3 Nc5 26. Bc1 Rb3 27. Qd2
Rxe3 28. Qxe3 Rb3 29. Qd2 Nxe4 30. Qc2 Nc5 31. Ng5 Bxg5 32. Bxg5 Rb7 33. Qe2
Ne6 34. Bd2 Rb2 35. Rd1 Qa8 36. Qd3 Nd4 37. Bc3 Rb3 38. Re1 Qe8 39. Re3 Qe6 40.
Rh3 g6 41. Kf1 a5 42. Qe4 Qxc4+ 43. Qd3 Qxd3+ 44. Rxd3 Rb1+ 45. Be1 Nc2 46. Ke2
Nxe1 47. Ra3 Nxg2 48. Rxa5 Nf4+ 49. Kf3 Rb3+ 50. Kg4 Rd3 51. Kg5 Kg7 52. Ra6
Rd4 53. Ra7 Ne6# 0-1

[Event "ENCI Limburg-open C"]
[Site "Maastricht"]
[Date "2010.05.22"]
[Round "3"]
[White "Ramaekers, Philippe"]
[Black "Slangen Knuit, Dien"]
[Result "1-0"]
[WhiteElo "1601"]
[BlackElo "1121"]
[PlyCount "63"]
[EventDate "2010.05.21"]
[EventType "swiss"]
[EventRounds "7"]
[EventCountry "NED"]
[Source "P.Boonen"]
[SourceDate "2010.10.01"]

1. d4 d5 2. c4 e6 3. Nf3 Nf6 4. g3 Be7 5. Bg2 O-O 6. O-O c6 7. Bg5 Nbd7 8. Nc3
b6 9. cxd5 cxd5 10. Rc1 Bb7 11. Re1 Rc8 12. Ne5 h6 13. Bd2 Re8 14. Bf4 Bb4 15.
a3 Bxc3 16. Rxc3 Rxc3 17. bxc3 a6 18. c4 dxc4 19. Bxb7 Qe7 20. Bxa6 Nxe5 21.
Bxe5 Nd5 22. Bxc4 f6 23. e4 fxe5 24. exd5 Qxa3 25. Rxe5 Qf8 26. dxe6 Qf6 27.
e7+ Kh8 28. Qe2 Qg6 29. Bb5 Qb1+ 30. Kg2 Qg6 31. Bxe8 Qxe8 32. Qf3 1-0

[Event "ENCI Limburg-open C"]
[Site "Maastricht"]
[Date "2010.05.22"]
[Round "3"]
[White "Roemhild, Wolfgang"]
[Black "Van den Bosch, Arno"]
[Result "1-0"]
[WhiteElo "1675"]
[BlackElo "1336"]
[PlyCount "45"]
[EventDate "2010.05.21"]
[EventType "swiss"]
[EventRounds "7"]
[EventCountry "NED"]
[Source "P.Boonen"]
[SourceDate "2010.10.01"]

1. e4 d5 2. Nc3 d4 3. Nce2 e5 4. Ng3 Nf6 5. Nf3 Bg4 6. Bc4 Nc6 7. a3 Be7 8. b4
a6 9. h3 Bxf3 10. Qxf3 O-O 11. d3 Qd7 12. Nf5 Rfd8 13. g4 Bf8 14. Bg5 Be7 15.
Bh4 Re8 16. g5 b5 17. Bb3 Nxe4 18. Bxf7+ Kxf7 19. Nh6+ Ke6 20. Qf5+ Kd6 21.
Nf7+ Kd5 22. dxe4+ Kc4 23. Qxd7 1-0

[Event "ENCI Limburg-open C"]
[Site "Maastricht"]
[Date "2010.05.22"]
[Round "3"]
[White "Senden, Sjef"]
[Black "Henrotte, Nils"]
[Result "1/2-1/2"]
[WhiteElo "1710"]
[BlackElo "1655"]
[PlyCount "58"]
[EventDate "2010.05.21"]
[EventType "swiss"]
[EventRounds "7"]
[EventCountry "NED"]
[Source "P.Boonen"]
[SourceDate "2010.10.01"]

1. d4 d5 2. Nf3 Nf6 3. c4 c5 4. e3 e6 5. Nc3 Nc6 6. Be2 dxc4 7. Bxc4 cxd4 8.
exd4 Bd6 9. O-O a6 10. Bg5 O-O 11. d5 Na5 12. Be2 exd5 13. Nxd5 Bxh2+ 14. Nxh2
Qxd5 15. Bxf6 Qxd1 16. Rfxd1 gxf6 17. Rd5 Nc6 18. Rd6 Be6 19. Ng4 Kg7 20. b3
Rad8 21. Rad1 Rxd6 22. Rxd6 Rd8 23. Rxd8 Nxd8 24. Ne3 Nc6 25. Bf3 Bc8 26. Nc4
Nb4 27. a3 Nc2 28. Be4 Nd4 29. Nd6 f5 1/2-1/2

[Event "ENCI Limburg-open C"]
[Site "Maastricht"]
[Date "2010.05.22"]
[Round "3"]
[White "Senders, Justin"]
[Black "Esser, Thomas"]
[Result "0-1"]
[WhiteElo "1630"]
[BlackElo "1677"]
[PlyCount "66"]
[EventDate "2010.05.21"]
[EventType "swiss"]
[EventRounds "7"]
[EventCountry "NED"]
[Source "P.Boonen"]
[SourceDate "2010.10.01"]

1. e4 c5 2. Nf3 Nc6 3. d4 cxd4 4. Nxd4 e6 5. Nc3 Nf6 6. Be3 Bb4 7. f3 d5 8.
Nxc6 bxc6 9. e5 Nd7 10. f4 c5 11. Bd2 a6 12. Qg4 g6 13. Be2 Bb7 14. Bf3 Rb8 15.
O-O d4 16. Bxb7 Rxb7 17. Ne4 O-O 18. c3 Ba5 19. Be1 Rxb2 20. Bh4 Qa8 21. Nf6+
Nxf6 22. Bxf6 Bd8 23. Rf3 Bxf6 24. exf6 Qd8 25. Qg5 dxc3 26. Kh1 c2 27. Rff1
Qd4 28. a4 Rfb8 29. Rae1 Rb1 30. Qg3 Rxe1 31. Rxe1 Rb1 32. h3 Rxe1+ 33. Qxe1
Qd1 0-1

[Event "ENCI Limburg-open C"]
[Site "Maastricht"]
[Date "2010.05.22"]
[Round "3"]
[White "Tuerlinckx, Ben"]
[Black "Visse, Bernard"]
[Result "1-0"]
[WhiteElo "1692"]
[BlackElo "1641"]
[PlyCount "75"]
[EventDate "2010.05.21"]
[EventType "swiss"]
[EventRounds "7"]
[EventCountry "NED"]
[Source "P.Boonen"]
[SourceDate "2010.10.01"]

1. e4 c5 2. Nc3 a6 3. f4 Nc6 4. Nf3 d6 5. d3 e5 6. g3 Nf6 7. Bg2 Be7 8. O-O Bg4
9. f5 h6 10. h3 Bh5 11. g4 Nxg4 12. hxg4 Bxg4 13. Qe1 Bxf3 14. Bxf3 Bg5 15. Qg3
Kd7 16. Nd5 Nb4 17. Nxb4 cxb4 18. Bxg5 hxg5 19. Bg4 f6 20. Kg2 Qc7 21. Rac1 Qa5
22. Qe3 Rh4 23. Kg3 Rah8 24. Qa7 Qc7 25. c3 Qb8 26. Qxb8 Rxb8 27. cxb4 Rbh8 28.
Rc2 Rc8 29. Rxc8 Kxc8 30. Rc1+ Kd7 31. a4 Rh8 32. b5 Rc8 33. Rxc8 Kxc8 34. Bd1
Kc7 35. Kg4 axb5 36. axb5 Kb6 37. Kh5 Kxb5 38. Kg6 1-0